| 000 -LEADER |
| fixed length control field |
00701nam a22001097a 4500 |
| 008 - FIXED-LENGTH DATA ELEMENTS--GENERAL INFORMATION |
| fixed length control field |
180326b xxu||||| |||| 00| 0 eng d |
| 100 ## - MAIN ENTRY--AUTHOR'S NAME |
| Author's Name |
Jones, William |
| 245 ## - TITLE STATEMENT |
| Title |
A handbook of the stamps of Cuba Part II: US Administration |
| 260 ## - PUBLICATION, DISTRIBUTION, ETC. (IMPRINT) |
| Place of publication, distribution, etc. |
Winter Park, Fla |
| Name of publisher, distributor, etc. |
auhtors |
| Date of publication, distribution, etc. |
1984 |
| 650 ## - TOPICAL TERM (Tag) |
| Topical term or geographic name |
Cuba (1873-) | Antilles (1855-1873) | Spanish Colonies | Spain | United States Related | United States | Puerto Principe | Catalogs and Price Lists | Postal History | Production | Errors and Varieties | Plates and Plating | Bogus Issues | Forgeries and Counterfeits | Cinderella Material | Telegraph Issues | Postal Stationery | Cards | Post Office Seals and Labels | Seals and Labels | Concordances |
| 700 ## - SECONDARY AUTHOR, EDITOR OR ILLUSTRATOR |
| Personal Name |
Roy, R. |